Študijný program Obchodnej fakulty Ekonomická univerzita v Bratislave

Saved in:
Bibliographic Details
Corporate Author: Ekonomická univerzita v Bratislave. Obchodná fakulta
Other Authors: Lacková, Alica, Kordošová, Elena
Format: Book
Language:Slovak
Published: Bratislava Ekonóm 2002
Subjects:
Tags: Add Tag
No Tags, Be the first to tag this record!

MARC

LEADER 00000nam a2200000 4500
001 c136757
005 20230307092051.5
020 |a 80-225-1577-9 
041 0 |a slo 
044 |a SK 
245 1 0 |a Študijný program Obchodnej fakulty  |b Ekonomická univerzita v Bratislave  |c [zostavili: Alica Lacková, Elena Kordošová] 
264 1 |a Bratislava  |b Ekonóm  |c 2002 
300 |a 129 s. 
610 2 0 |a programy študijné 
610 2 0 |a univerzity 
610 2 0 |a vzdelávanie vysokoškolské 
700 1 |a Lacková, Alica 
700 1 |a Kordošová, Elena 
710 2 |a Ekonomická univerzita v Bratislave. Obchodná fakulta